200 suosituinta miesten nimeä alkukirjaimella E - Statistics

Yleistilastot
  • Tätä visaa on pelattu 333 kertaa
  • Keskiarvotulos 63 / 200
Vastaustilastot
% Oikein
El
96%
Eeli
95%
Eli
95%
Eero
93%
Esko
93%
Eemel
91%
Eino
91%
Emel
91%
Eemeli
89%
Eemil
89%
Emiel
89%
Emil
89%
Eelia
88%
Elia
88%
Eliah
88%
Elja
88%
Erkki
88%
Eetu
87%
Esa
87%
Elias
86%
Elijas
86%
Eljas
86%
Elyas
86%
Eemi
85%
Eerik
81%
Eric
81%
Erich
81%
Erick
81%
Erik
81%
Eeri
80%
Erno
79%
Elmar
78%
Elmer
78%
Elmo
78%
Elmeri
77%
Eelis
72%
Elis
72%
Eerikki
69%
Erkka
66%
Einar
65%
Edouard
64%
Eduard
64%
Edvard
64%
Edvart
64%
Edward
64%
Einari
64%
Eppu
64%
Ensi
63%
Ensio
63%
Ensiö
63%
Enzio
63%
Elie
62%
Eeliel
61%
Eliel
61%
Eki
56%
Edvin
53%
Edwin
53%
Eevert
52%
Elo
52%
Ewert
52%
Esaias
51%
Esajas
51%
Eikka
47%
Erkko
45%
Ernest
44%
Ernst
44%
Eddie
39%
Eddy
39%
Edi
39%
Eevertti
39%
Esa-Pekka
39%
Ernesti
34%
Elvis
31%
Evert
31%
Eemu
29%
Ere
29%
Esa-Matti
27%
Emanuel
26%
Emmanuel
26%
Eeti
25%
Eetvartti
25%
Elmi
25%
Erkinpoika
23%
Efraim
22%
Elton
21%
Eeronpoika
20%
Ekku
20%
Ervo
20%
Esanpoika
20%
Eugen
20%
Eugén
20%
Eugene
20%
Ezra
20%
Eden
19%
Eero-Pekka
18%
Eliot
17%
Elliot
17%
Elliott
17%
Emppu
17%
Eskil
17%
Eirik
16%
Elian
15%
Enrico
14%
Ervin
14%
Erwin
14%
Evan
14%
Ewan
14%
Ezekiel
14%
Edgar
13%
Enso
13%
Enzo
13%
Enok
12%
Ernesto
12%
Edmond
11%
Edmund
11%
Emir
11%
Ermo
11%
Eeki
10%
Eelon
10%
Eevald
10%
Ege
10%
Eiler
10%
Elon
10%
Evald
10%
Ewald
10%
Eemili
9%
Eenok
9%
Emilio
9%
Enver
9%
Erland
9%
Ethan
9%
Eben
8%
Eeben
8%
Eeka
8%
Egon
8%
Ennio
8%
Ebbe
7%
Elijah
7%
Elvin
7%
Elwin
7%
Emile
7%
Emmett
7%
Ensti
7%
Evgeni
7%
Evgenii
7%
Evgeny
7%
Evgueni
7%
Eddine
6%
Edin
6%
Edison
6%
Eduardo
6%
Egil
6%
Elio
6%
Erasmus
6%
Eenokki
5%
Eilo
5%
Ellis
5%
Enrique
5%
Eepi
4%
Efe
4%
Egor
4%
Espen
4%
Ebrahim
3%
Ebrima
3%
Emrah
3%
Emran
3%
Emre
3%
Engelbert
3%
Edel
2%
Ejvind
2%
Eliam
2%
Elof
2%
Emerik
2%
Emin
2%
Engelbrekt
2%
Erol
2%
Erpo
2%
Esteban
2%
Egzon
1%
Eldar
1%
Eldin
1%
Elion
1%
Emilian
1%
Emiliano
1%
Enis
1%
Eren
1%
Erfan
1%
Erhard
1%
Erkan
1%
Erling
1%
Ebenhard
0%
Eelovi
0%
Ehsan
0%
Elsayed
0%
Emad
0%
Emeka
0%
Enes
0%
Ensar
0%
Ernfrid
0%
Eymen
0%
Ehtoja vastaavia visoja ei löytynyt
Tulosjakauma
Jokaisen tuloksen saaneiden osuus
Persentiili vastausten määrän mukaan
Tuloshistoriasi
Et ole pelannut tätä visaa